书目信息 |
| 题名: |
电工学
|
|
| 作者: | 包玉华 编 | |
| 分册: | ||
| 出版信息: | 北京 煤炭工业出版社 1989.04 |
|
| 页数: | 319页 | |
| 开本: | 26cm | |
| 丛书名: | ||
| 单 册: | ||
| 中图分类: | TM1 | |
| 科图分类: | 73.1 | |
| 主题词: | 电工--技工学校--教材 | |
| 电子资源: | ||
| ISBN: | 978-7-5020-0247-3 | |
| 000 | 00639nam0 22002411 450 | |
| 001 | 0189008136 | |
| 005 | 20111228152653.25 | |
| 010 | @a978-7-5020-0247-3@dCNY33.00 | |
| 020 | @aCN@b89008598 | |
| 100 | @a19901121d1989 m y0chiy0110 ea | |
| 101 | 0 | @achi |
| 102 | @aCN@b110000 | |
| 105 | @ay j 000yy | |
| 200 | 1 | @a电工学@9dian gong xue@f包玉华编 |
| 210 | @a北京@c煤炭工业出版社@d1989.04 | |
| 215 | @a319页@d26cm | |
| 300 | @a煤矿技工学校试用教材 | |
| 606 | 0 | @a电工@x技工学校@x教材 |
| 690 | @aTM1@v1980 | |
| 692 | @a73.1@v1974 | |
| 701 | 0 | @a包玉华@9bao yu hua@4编 |
| 801 | 0 | @aCN@bNLC@c20111228 |
| 905 | @aZUCC@dTM1@eB235@f2 | |
| 电工学/包玉华编.-北京:煤炭工业出版社,1989.04 |
| 319页;26cm |
| 煤矿技工学校试用教材 |
| ISBN 978-7-5020-0247-3:CNY33.00 |
| ● |
| 相关链接 |
|
|
|
正题名:电工学
索取号:TM1/B235
 
预约/预借
| 序号 | 登录号 | 条形码 | 馆藏地/架位号 | 状态 | 备注 |
| 1 | 1184699 | 211846993 | 自科库301/301自科库 4排1列5层/ [索取号:TM1/B235] | 在馆 | |
| 2 | 1184700 | 211847000 | 自科库301/301自科库 4排1列5层/ [索取号:TM1/B235] | 在馆 |